000 00950nam a2200301Ia 4500
001 60638
003 IT-RoPAU
008 130308s9999 xx 000 0 und d
040 _aIT-RoPAU
040 _cIT-RoPAU
041 _aFRANCESE
100 _aMoeglin Pierre
100 _gCodice Aut. SPICS: 21829
245 _aUne scenographie en quete de modernitè: de nouveaux traitements de l'image au journal televisè
245 _bJ.T. (Le)-Mise En Scene de L'Actualite' a la Television
250 _a1a ed.
260 _aPARIS
260 _bDocumentation Francaise
260 _c1986 [1° Ed.:1986 - Ed.Ling.Originale:1986]
300 _a"35 p. (prefazione: no ; testo: 35 [pagine: 143-177])"
500 _aScenografia in Cerca di Modernità Dai Nuovi Trattamenti dell'Immagine al Telegiornale
650 _aGENERI TELEVISIVI
650 _eCodice materia Spics: 6960
942 _cBK
957 _71
999 _c57510
_d57510
999 _bSI
999 _g1